[Event "Limoges University-ch"]
[Site "Limoges"]
[Date "2022.02.06"]
[Round "9"]
[White "Gault, Emmanuel"]
[Black "Aghamir Alrobiai, Nizar"]
[Result "0-1"]
[WhiteElo "2041"]
[BlackElo "2118"]
[PlyCount "86"]
[EventDate "2022.02.05"]
[EventType "swiss"]
[EventRounds "9"]
[EventCountry "FRA"]
[SourceTitle "EXT 2023"]
[Source "ChessBase"]
[SourceDate "2022.10.05"]
[SourceVersion "1"]
[SourceVersionDate "2022.10.05"]
[SourceQuality "1"]

1. c4 Nf6 2. Nc3 d5 3. cxd5 Nxd5 4. g3 g6 5. Bg2 Nb6 6. b3 Bg7 7. Bb2 0-0 8. Nf3 e5 9. d3 Nc6 10. 0-0 Nd4 11. Qd2 c6 12. Rac1 Be6 13. Ne4 Nxf3+ 14. Bxf3 Bd5 15. Bg2 Re8 16. Rfd1 a5 17. Nc5 Bxg2 18. Kxg2 Qe7 19. h3 a4 20. b4 a3 21. Ba1 Nd5 22. e4 Nf6 23. Rc2 Red8 24. Qc3 Ne8 25. Rf1 Nd6 26. f4 Nb5 27. Qc4 Nd4 28. Rcf2 b5 29. Qc3 exf4 30. Rxf4 Ne6 31. Qc1 Nxf4+ 32. Qxf4 Bxa1 33. Rxa1 Rd4 34. Qd2 h5 35. Rf1 h4 36. gxh4 Qxh4 37. Qc3 Rad8 38. Qxa3 Qg5+ 39. Kf3 Qd2 40. Qc1 Rxd3+ 41. Nxd3 Rxd3+ 42. Kg4 Qg2+ 43. Kf4 Qg3# 0-1

[Event "Limoges University-ch"]
[Site "Limoges"]
[Date "2022.02.05"]
[Round "4"]
[White "Gault, Emmanuel"]
[Black "Profili, Emilio"]
[Result "1-0"]
[WhiteElo "2041"]
[BlackElo "2097"]
[PlyCount "125"]
[EventDate "2022.02.05"]
[EventType "swiss"]
[EventRounds "9"]
[EventCountry "FRA"]
[SourceTitle "EXT 2023"]
[Source "ChessBase"]
[SourceDate "2022.10.05"]
[SourceVersion "1"]
[SourceVersionDate "2022.10.05"]
[SourceQuality "1"]

1. c4 Nf6 2. Nc3 d5 3. cxd5 Nxd5 4. g3 Nb6 5. Bg2 g6 6. b3 Bg7 7. Bb2 0-0 8. Nf3 c6 9. 0-0 N8d7 10. Rc1 Re8 11. Qc2 Nf6 12. d3 Be6 13. Nd2 Qc8 14. Rfd1 Bh3 15. Bh1 Qf5 16. Nce4 Ng4 17. Bxg7 Kxg7 18. Nf3 f6 19. Qb2 e5 20. Nd6 Qh5 21. Nxe8+ Rxe8 22. Qa3 Nc8 23. Rc4 f5 24. Qb2 Kg8 25. Bg2 Bxg2 26. Kxg2 e4 27. dxe4 fxe4 28. Nh4 g5 29. Rd7 Ne5 30. Rxb7 Nd6 31. Nf5 Nxf5 32. Rc5 Nf3 33. h3 g4 34. h4 Ne5 35. Rxe5 Rxe5 36. Rb8+ Re8 37. Rxe8+ Qxe8 38. Qf6 Ng7 39. Qg5 h5 40. e3 Kh7 41. Qa5 Qf7 42. Kg1 Nf5 43. Qe5 Qd5 44. Qc7+ Kg6 45. Qxa7 Qd1+ 46. Kg2 Qf3+ 47. Kg1 Qd1+ 48. Kg2 Qc2 49. b4 Kf6 50. a4 Ne7 51. Qd4+ Ke6 52. a5 Nf5 53. Qb6 Nd6 54. a6 Qa4 55. a7 Kd7 56. Qb8 Qd1 57. a8Q Qf3+ 58. Kg1 Qd1+ 59. Kh2 Qf3 60. Qd8+ Ke6 61. Qg8+ Nf7 62. Qxc6+ Ke7 63. Qge8# 1-0

[Event "FRA-ch U20"]
[Site "Agen"]
[Date "2021.10.29"]
[Round "7.2"]
[White "Gatineau, Yovann"]
[Black "Gault, Emmanuel"]
[Result "1-0"]
[WhiteElo "2401"]
[BlackElo "1981"]
[PlyCount "81"]
[EventDate "2021.10.25"]
[EventType "swiss"]
[EventRounds "9"]
[EventCountry "FRA"]
[SourceTitle "EXT 2023"]
[Source "ChessBase"]
[SourceDate "2022.10.05"]
[SourceVersion "1"]
[SourceVersionDate "2022.10.05"]
[SourceQuality "1"]

1. Nf3 c5 2. c4 Nc6 3. Nc3 g6 4. e4 Bg7 5. h4 h6 6. d3 d6 7. Be3 Nf6 8. Be2 Bd7 9. Qc1 a6 10. d4 cxd4 11. Nxd4 Ng4 12. Bxg4 Bxg4 13. Qd2 Bd7 14. h5 g5 15. Rd1 Ne5 16. b3 Ng4 17. 0-0 Nxe3 18. Qxe3 Bg4 19. Rd3 Qa5 20. f3 Bxh5 21. Nf5 Bxc3 22. Rxc3 Bg6 23. c5 Bxf5 24. exf5 dxc5 25. Rxc5 Qd8 26. f6 e6 27. f4 Rc8 28. Rxc8 Qxc8 29. Rc1 Qd8 30. Qc5 Qxf6 31. Rd1 Qg7 32. Qd6 Qf6 33. Qb8+ Ke7 34. Qd6+ Ke8 35. f5 h5 36. fxe6 Rh6 37. Qb8+ Ke7 38. Qd8+ Kxe6 39. Re1+ Kf5 40. Qd3+ Kf4 41. Qf3# 1-0

[Event "FRA-ch U20"]
[Site "Agen"]
[Date "2021.10.28"]
[Round "6.2"]
[White "Gault, Emmanuel"]
[Black "Attard, Leopold"]
[Result "1-0"]
[WhiteElo "1981"]
[BlackElo "2079"]
[PlyCount "147"]
[EventDate "2021.10.25"]
[EventType "swiss"]
[EventRounds "9"]
[EventCountry "FRA"]
[SourceTitle "EXT 2023"]
[Source "ChessBase"]
[SourceDate "2022.10.05"]
[SourceVersion "1"]
[SourceVersionDate "2022.10.05"]
[SourceQuality "1"]

1. c4 e5 2. g3 Nf6 3. Bg2 h6 4. Nf3 e4 5. Nd4 d5 6. d3 Bb4+ 7. Nc3 c5 8. Nc2 Bxc3+ 9. bxc3 dxc4 10. dxe4 Qxd1+ 11. Kxd1 Be6 12. e5 Nd5 13. Ne3 Nxe3+ 14. Bxe3 Nc6 15. Bxc6+ bxc6 16. Bxc5 Rb8 17. Kc1 Rb5 18. Bd6 f6 19. exf6 gxf6 20. Rd1 Rh7 21. Bf4 Bd5 22. f3 f5 23. Rb1 a6 24. Rd4 Re7 25. Rxb5 axb5 26. Kd1 Ra7 27. Rd2 Ra3 28. Rc2 h5 29. Bd6 Ra7 30. Bc5 Rh7 31. Kd2 h4 32. Ke3 hxg3 33. hxg3 Rh2 34. Kf4 Kf7 35. g4 fxg4 36. Kxg4 Rg2+ 37. Kf4 Kf6 38. a3 Kg6 39. Rd2 Kf6 40. Ke3 Kf5 41. Rd1 Rg6 42. Rf1 Re6+ 43. Kd2 Rg6 44. e4+ Bxe4 45. fxe4+ Kxe4 46. Rf2 Rg5 47. Bb6 c5 48. Re2+ Kd5 49. Bd8 Rg8 50. Be7 Re8 51. Kc2 Kc6 52. Re5 Kd7 53. Bd6 Rg8 54. Bxc5 Rg2+ 55. Kd1 Kc6 56. Bb4 Kb6 57. Re2 Rg1+ 58. Kd2 Rg3 59. Rf2 Kc6 60. Ke2 Rd3 61. Rf6+ Kb7 62. Re6 Rd5 63. Kf3 Rd3+ 64. Ke4 Rd1 65. Ke5 Rd3 66. Rd6 Ka7 67. Rxd3 cxd3 68. Bc5+ Ka6 69. Be3 Ka5 70. Ke4 Ka4 71. Kxd3 Kxa3 72. Bc5+ Kb3 73. Bb4 Ka4 74. Kd4 1-0

[Event "Bordeaux op Febr 1st"]
[Site "Bordeaux"]
[Date "2018.02.11"]
[Round "3"]
[White "Devallee, Jeremie"]
[Black "Gault, Emmanuel"]
[Result "1-0"]
[WhiteElo "2186"]
[BlackElo "1906"]
[PlyCount "75"]
[EventDate "2018.02.10"]
[EventType "swiss"]
[EventRounds "7"]
[EventCountry "FRA"]
[SourceTitle "CBM 183 Extra"]
[Source "ChessBase"]
[SourceDate "2018.04.19"]
[SourceVersion "1"]
[SourceVersionDate "2018.04.19"]
[SourceQuality "1"]

1. e4 c5 2. d4 cxd4 3. c3 d5 4. exd5 Qxd5 5. cxd4 Nf6 6. Nc3 Qd8 7. Nf3 e6 8. Bb5+ Bd7 9. Bd3 Nc6 10. 0-0 Be7 11. a3 0-0 12. Re1 Rc8 13. Bc2 Na5 14. Ne5 Nc4 15. Qd3 Nd6 16. Bg5 g6 17. Re3 Nf5 18. Rh3 Bc6 19. Nxc6 Rxc6 20. Rd1 Nd5 21. Bxe7 Qxe7 22. Qd2 Nxc3 23. bxc3 Rfc8 24. Bxf5 exf5 25. d5 Rd8 26. Rd3 Rcd6 27. c4 b6 28. Re1 Qd7 29. h4 b5 30. c5 Ra6 31. d6 Rc6 32. Rd5 Qc8 33. Qd4 Qa6 34. Qf6 Qa5 35. Re7 Rf8 36. Re3 b4 37. h5 Rxc5 38. h6 1-0